Ponencias 4º Congreso binacional de folklore chileno y argentino

Salvato in:
Dettagli Bibliografici
Enti autori: Academia Nacional del Folklore Chileno y Argentino (Autore), Universidad Católica de Valparaíso (Autore)
Natura: Libro
Lingua:spagnolo
Pubblicazione: Valparaíso Universitarias de Valparaíso 2000
Soggetti:
Tags: Aggiungi Tag
Nessun Tag, puoi essere il primo ad aggiungerne!!

MARC

LEADER 00000nam a2200000 a 4500
001 UCO7416
003 CL-VaPUC
005 20241028141830.0
008 001117e20000000cl 1 spa d
020 |a 9561703106 
082 0 4 |a 398  |b ACA  |2 21 
110 2 |a Academia Nacional del Folklore Chileno y Argentino  |e author  |9 619810 
710 2 |a Universidad Católica de Valparaíso  |e author  |9 619811 
245 1 0 |a Ponencias 4º Congreso binacional de folklore chileno y argentino 
260 |a Valparaíso  |b Universitarias de Valparaíso  |c 2000 
300 |a 394 p 
500 |a Tema del Encuentro: 
500 |a Los saberes populares en el fin del milenio. Identidad Cultural, Pluralismo y Transformaciones 
583 |a last modification  |c 20190821 11:21:50  |k Rodrigo Vera 
650 0 0 |a Folklore chileno  |9 265536 
650 0 0 |a Folklore argentino  |9 409939 
650 0 0 |a Cambio cultural  |9 338163 
650 0 7 |a CULTURA Y TRADICION  |2 CL-VaPUC  |9 574358 
650 0 0 |a Mitología   |9 255719 
650 0 7 |a LEYENDAS URBANAS  |2 CL-VaPUC  |9 619812 
650 0 7 |a PAYADORES  |2 CL-VaPUC  |9 344562 
650 0 0 |a Danzas folklóricas  |9 330042 
650 0 0 |a Cultura popular  |9 307504 
650 0 0 |a Turismo rural  |9 465355 
650 0 0 |a Identidad cultural  |9 319131 
650 0 0 |a Artesanía  |9 353181 
651 7 |a CHILE  |2 CL-VaPUC  |9 619813 
651 0 |a Argentina  |9 254888 
942 |c BK 
945 |a cmena  |d 20001117 00:00:00 
546 |a En Español 
536 |a Universidad Nacional del Centro de la Provincia de Buenos Aires 
536 |a División de Cultura del Ministerio de Educación 
536 |a Mercosur Cultural 
536 |a Embajada Argentina en Chile 
536 |a Intendencia Región de Valparaíso 
536 |a Gobernación Provincial de Valparaíso 
536 |a Ilustre Municipalidad de Valparaíso 
536 |a Secretaría Regional Ministerial de Gobierno 
536 |a Corporación Teatro Municipal de Valparaíso 
518 |p Congreso Binacional de Folklore Chileno y Argentino, 4, Tandil, 26 al 28 de agosto de 1999 
999 |c 383600  |d 383598 
952 |0 0  |1 0  |4 0  |6 398_000000000000000_ACA_2000  |7 0  |8 A  |9 505769  |a BIBEDU  |b BIBEDU  |d 2020-01-23  |i 3666700  |o 398 ACA 2000  |p 3666700  |r 2023-01-12  |w 2020-01-23  |y BK  |k MUS 
952 |0 0  |1 0  |4 0  |6 398_000000000000000_ACA_2000  |7 0  |8 A  |9 505770  |a BIBEDU  |b BIBEDU  |d 2020-01-23  |i 3666719  |o 398 ACA 2000  |p 3666719  |r 2023-01-12  |w 2020-01-23  |y BK  |k MUS 
952 |0 0  |1 0  |4 0  |6 398_000000000000000_ACA_2000  |7 0  |8 A  |9 505771  |a BIBEDU  |b BIBEDU  |d 2020-01-23  |i 1233653  |o 398 ACA 2000  |p 1233653  |r 2023-01-12  |w 2020-01-23  |y BK  |k MUS 
952 |0 0  |1 0  |4 0  |6 398_000000000000000_ACA_2000  |7 0  |8 X  |9 505772  |a FDOMLP  |b FDOMLP  |d 2020-01-23  |i 3666204  |o 398 ACA 2000  |p 3666204  |r 2020-01-23  |w 2020-01-23  |y BK_X  |k BU2 
952 |0 0  |1 0  |4 0  |6 398_000000000000000_ACA_2000  |7 0  |8 X  |9 505773  |a FDOMLP  |b FDOMLP  |d 2020-01-23  |i 3666190  |o 398 ACA 2000  |p 3666190  |r 2020-01-23  |w 2020-01-23  |y BK_X  |k BU2 
952 |0 0  |1 0  |4 0  |6 398_000000000000000_ACA_2000  |7 0  |8 X  |9 505774  |a FDOMLP  |b FDOMLP  |d 2020-01-23  |i 4436385  |o 398 ACA 2000  |p 4436385  |r 2020-01-23  |w 2020-01-23  |y BK_X  |k BU2 
952 |0 0  |1 0  |4 0  |6 398_000000000000000_ACA_2000  |7 0  |8 X  |9 505775  |a FDOMLP  |b FDOMLP  |d 2020-01-23  |i 4669606  |o 398 ACA 2000  |p 4669606  |r 2020-01-23  |w 2020-01-23  |y BK_X  |k BU2 
952 |0 0  |1 0  |4 0  |6 398_000000000000000_ACA_2000  |7 0  |8 A  |9 505776  |a BIBHIS  |b BIBHIS  |d 2020-01-23  |i 374048K  |o 398 ACA 2000  |p 374048K  |r 2025-01-20  |w 2020-01-23  |y BK  |k HIS 
952 |0 0  |1 0  |4 0  |6 398_000000000000000_ACA_2000  |7 0  |8 X  |9 505777  |a FDOBUD  |b FDOBUD  |d 2020-01-23  |i 4557239  |o 398 ACA 2000  |p 4557239  |r 2020-01-23  |w 2020-01-23  |y BK_X  |k FHP 
952 |0 0  |1 0  |4 0  |6 398_000000000000000_ACA_2000  |7 0  |8 C  |9 505778  |a BIBCUR  |b BIBCUR  |d 2020-01-23  |i 4711793  |o 398 ACA 2000  |p 4711793  |r 2025-04-22  |w 2020-01-23  |y BK  |k CAC